000
00348 a2200157 4500
001
154881
040
_c
Escola São Tomás de Aquino
100
_a
MARTINI, Glorinha
240
1
0
_a
Conexões com a física
_l
por
245
1
0
_a
Conexões com a física
300
_a
487
362
0
_a
2010
440
1
_a
Moderna
697
_a
FÍSICA
942
_c
BK
999
_c
154881
_d
154881